[Event "30.Schlosspark-Open"]
[Site "Wiesbaden-Biebrich"]
[Date "2018.08.24"]
[Round "3.1"]
[White "Jansen, Dirk Norbert"]
[Black "Khenkin, Igor"]
[Result "0-1"]
[WhiteElo "2190"]
[BlackElo "2558"]
[PlyCount "112"]
[EventDate "2018.??.??"]
[WhiteTeam "SV Weidenau/Geisweid"]
[BlackTeam "SC Heusenstamm"]

1. e4 c6 2. Nf3 d5 3. exd5 cxd5 4. Ne5 Nc6 5. d4 e6 6. f4 Bd6 7. c3 Nge7 8. Bd3
O-O 9. Qh5 Nf5 10. O-O f6 11. g4 fxe5 12. fxe5 Nxe5 13. dxe5 Bc5+ 14. Kh1 Qh4
15. Qxh4 Nxh4 16. Rxf8+ Bxf8 17. Bf4 Bd7 18. Bg3 g5 19. Nd2 Bc6 20. Kg1 Bc5+
21. Kf1 Rf8+ 22. Ke2 Ng2 23. Rf1 Rxf1 24. Nxf1 h6 25. b4 Bb6 26. b5 Be8 27. Kf3
Nh4+ 28. Bxh4 gxh4 29. c4 dxc4 30. Bxc4 Kf7 31. Ne3 Ke7 32. Ng2 Bd4 33. Ke4 h3
34. Nf4 Bg1 35. Nxh3 Bxh2 36. Nf4 Bf7 37. a4 b6 38. Nd3 Bg6+ 39. Kd4 Bg1+ 40.
Kc3 Bh2 41. Kd4 Bg1+ 42. Kc3 Be3 43. Ne1 Be4 44. Bd3 Bd5 45. Bg6 Bf4 46. Kd4
Bd2 47. Nd3 Bf3 48. Nf2 Be1 49. Ke3 Bd5 50. Bc2 Bc3 51. Kf4 Bd2+ 52. Kg3 Be1
53. Bd1 Kf7 54. Bf3 Bxf3 55. Kxf3 Bxf2 56. Kxf2 Kg6 0-1

[Event "30.Schlosspark-Open"]
[Site "Wiesbaden-Biebrich"]
[Date "2018.08.24"]
[Round "3.2"]
[White "Poetsch, Hagen"]
[Black "Henrich, Thomas"]
[Result "1-0"]
[WhiteElo "2513"]
[BlackElo "2193"]
[PlyCount "71"]
[EventDate "2018.??.??"]
[WhiteTeam "SC Heusenstamm"]
[BlackTeam "SK Marburg"]

1. e4 e6 2. d4 d5 3. Nc3 Bb4 4. e5 c5 5. a3 Bxc3+ 6. bxc3 Ne7 7. Qg4 cxd4 8.
Qxg7 Rg8 9. Qxh7 Qc7 10. Ne2 Nbc6 11. f4 dxc3 12. h4 Bd7 13. h5 O-O-O 14. Qd3
Nf5 15. h6 Rg6 16. h7 Rh8 17. Qxc3 Ncd4 18. Qxc7+ Kxc7 19. Nxd4 Nxd4 20. Kf2
Bb5 21. Bxb5 Nxb5 22. Bb2 Kd7 23. Rh3 Rg4 24. Kf3 Rg7 25. Rah1 Nc7 26. f5 Na6
27. f6 Rg6 28. Rg3 Rxg3+ 29. Kxg3 Nc5 30. Kf4 Ne4 31. a4 a6 32. Ba3 Ke8 33. a5
Nf2 34. Rh4 Ne4 35. Bb4 Nf2 36. Kg5 1-0

[Event "30.Schlosspark-Open"]
[Site "Wiesbaden-Biebrich"]
[Date "2018.08.24"]
[Round "3.3"]
[White "Stork, Oliver"]
[Black "Milov, Leonid"]
[Result "1/2-1/2"]
[WhiteElo "2175"]
[BlackElo "2469"]
[PlyCount "42"]
[EventDate "2018.??.??"]
[WhiteTeam "SV Oberursel"]
[BlackTeam "SC Noris-Tarrasch Nuernberg"]

1. c4 f5 2. Nc3 Nf6 3. g3 e5 4. Bg2 Bb4 5. Qc2 Bxc3 6. Qxc3 Qe7 7. Nf3 Nc6 8.
O-O a5 9. b3 O-O 10. Bb2 d6 11. a3 Qe8 12. b4 a4 13. c5 Na7 14. d3 Nb5 15. Qc1
h6 16. Nd2 Ra7 17. Nc4 Bd7 18. cxd6 cxd6 19. f4 e4 20. dxe4 Nxe4 21. Qe3 Ra6
1/2-1/2

[Event "30.Schlosspark-Open"]
[Site "Wiesbaden-Biebrich"]
[Date "2018.08.24"]
[Round "3.4"]
[White "Carow, Johannes"]
[Black "Hermannsdoerfer, Frank"]
[Result "0-1"]
[WhiteElo "2445"]
[BlackElo "2157"]
[PlyCount "123"]
[EventDate "2018.??.??"]
[WhiteTeam "SF Heidesheim"]
[BlackTeam "SV Liebschwitz"]

1. d4 d6 2. Nf3 Nf6 3. c4 Bf5 4. g3 c6 5. Bg2 Nbd7 6. O-O e5 7. Nc3 Be7 8. Re1
h6 9. e4 Bh7 10. Qe2 Qc7 11. b3 O-O 12. Bb2 Rfe8 13. d5 Nc5 14. Nd2 a5 15. Rac1
Nfd7 16. Nf1 Bg5 17. Rcd1 Rad8 18. Ne3 Bxe3 19. Qxe3 Nf6 20. f3 Na6 21. Qf2 Bg6
22. Kh1 Nc5 23. Rd2 Rd7 24. Red1 Na6 25. Ba3 Nb4 26. Bh3 Rdd8 27. Qe3 c5 28.
Bb2 Qe7 29. Bf1 Nh7 30. a3 Na6 31. Bd3 Bh5 32. Rf1 g5 33. h4 Bg6 34. Rh2 f6 35.
Qe1 b6 36. Nd1 Kg7 37. Ne3 Nf8 38. Kg2 Nd7 39. Rfh1 Rh8 40. Kg1 Rdg8 41. Kf2
Qf8 42. Qb1 Qe8 43. Bf1 Nc7 44. Bh3 Nf8 45. Bf5 Bf7 46. Be6 Nfxe6 47. Nf5+ Kf8
48. dxe6 Bxe6 49. hxg5 Bxf5 50. exf5 Rxg5 51. Bc1 Rgg8 52. Rxh6 Rxh6 53. Rxh6
Qf7 54. Qe4 d5 55. Qh4 Ke7 56. f4 exf4 57. Bxf4 Ne8 58. Qh1 dxc4 59. Rh7 Ng7
60. Qb7+ Ke8 61. Qb8+ Ke7 62. Bd6+ 0-1

[Event "30.Schlosspark-Open"]
[Site "Wiesbaden-Biebrich"]
[Date "2018.08.24"]
[Round "3.5"]
[White "Ruppert, Wolfgang"]
[Black "Gutman, Lev"]
[Result "1/2-1/2"]
[WhiteElo "2140"]
[BlackElo "2442"]
[PlyCount "50"]
[EventDate "2018.??.??"]
[WhiteTeam "SC Floersheim"]
[BlackTeam "SV Lingen"]

1. e4 c5 2. Nf3 d6 3. Bb5+ Nc6 4. Bxc6+ bxc6 5. O-O e5 6. c3 g5 7. d3 g4 8. Ne1
Ne7 9. f4 exf4 10. Bxf4 Ng6 11. Be3 Bg7 12. Nd2 O-O 13. g3 Rb8 14. Rb1 Be6 15.
Qa4 Qc8 16. Ng2 Rb6 17. Nf4 Qa6 18. Qxa6 Rxa6 19. Nxe6 fxe6 20. Rxf8+ Bxf8 21.
a3 d5 22. Kf1 Rb6 23. Ke2 h5 24. Kd1 e5 25. Kc2 Be7 1/2-1/2

[Event "30.Schlosspark-Open"]
[Site "Wiesbaden-Biebrich"]
[Date "2018.08.24"]
[Round "3.6"]
[White "Inkiov, Ventzislav"]
[Black "Engel, Berthold"]
[Result "1-0"]
[WhiteElo "2425"]
[BlackElo "2146"]
[PlyCount "99"]
[EventDate "2018.??.??"]
[WhiteTeam "SK Oetigheim"]
[BlackTeam "BG Buchen"]

1. d4 e6 2. c4 Bb4+ 3. Nc3 Bxc3+ 4. bxc3 d6 5. e4 e5 6. Bd3 Ne7 7. Ne2 c5 8.
O-O f6 9. Be3 b6 10. f4 O-O 11. Ng3 Nbc6 12. fxe5 fxe5 13. d5 Rxf1+ 14. Qxf1
Na5 15. Qf3 Qf8 16. Nf5 Bxf5 17. exf5 Qf6 18. Rf1 Rf8 19. Qe4 Rf7 20. g4 g5 21.
Kg2 h6 22. Rh1 Rg7 23. Kg3 Nb7 24. h4 Nd8 25. hxg5 hxg5 26. Bc2 Nf7 27. Ba4 Rh7
28. Be8 Rh6 29. Bd2 Qh8 30. Rxh6 Qxh6 31. Kg2 Kf8 32. Bxf7 Kxf7 33. Qe3 Kf6 34.
Qe2 Ng8 35. Qd1 Qh7 36. Be1 Nh6 37. Bg3 Qb7 38. Kf3 Qa6 39. Qh1 Nf7 40. Qh5
Qxc4 41. Qg6+ Ke7 42. f6+ Kd8 43. Qg8+ Kc7 44. Qxf7+ Kb8 45. Qg8+ Kb7 46. Qh7+
Ka6 47. f7 e4+ 48. Qxe4 Qxc3+ 49. Kg2 Qb2+ 50. Bf2 1-0

[Event "30.Schlosspark-Open"]
[Site "Wiesbaden-Biebrich"]
[Date "2018.08.24"]
[Round "3.7"]
[White "Puschendorf, Steffen"]
[Black "Meinhardt, Maximilian"]
[Result "0-1"]
[WhiteElo "2118"]
[BlackElo "2391"]
[PlyCount "66"]
[EventDate "2018.??.??"]
[WhiteTeam "ESV Gera"]
[BlackTeam "SC Viernheim"]

1. d4 e6 2. c4 d5 3. Nf3 c5 4. cxd5 exd5 5. g3 Nc6 6. Bg2 Nf6 7. O-O Be7 8.
dxc5 Bxc5 9. a3 Ne4 10. Nfd2 f5 11. Qc2 Qb6 12. Nxe4 dxe4 13. b4 Bd4 14. Bb2
Be6 15. Nc3 Rc8 16. Rad1 Ne7 17. Qd2 Rd8 18. Qc2 O-O 19. Na4 Qc6 20. Qxc6 Nxc6
21. b5 Bb3 22. bxc6 Bxd1 23. c7 Bxa4 24. cxd8=Q Rxd8 25. Bxd4 Rxd4 26. Rc1 Bc6
27. h4 Rd2 28. e3 Ra2 29. Rc3 Ra1+ 30. Kh2 h5 31. Bh3 g6 32. Rb3 a5 33. Rc3 Kg7
0-1

[Event "30.Schlosspark-Open"]
[Site "Wiesbaden-Biebrich"]
[Date "2018.08.24"]
[Round "3.8"]
[White "Muckle, Julius"]
[Black "Bischoff, Ulrich"]
[Result "1-0"]
[WhiteElo "2326"]
[BlackElo "2057"]
[PlyCount "65"]
[EventDate "2018.??.??"]
[WhiteTeam "SK Ludwigshafen"]
[BlackTeam "Sfr. Erbach"]

1. d4 d5 2. c4 e6 3. Nc3 Nf6 4. Nf3 c5 5. cxd5 Nxd5 6. e4 Nxc3 7. bxc3 cxd4 8.
cxd4 Bb4+ 9. Bd2 Qa5 10. Bd3 Nc6 11. a3 Bxd2+ 12. Qxd2 O-O 13. Qxa5 Nxa5 14.
Rc1 Bd7 15. Ke2 Rac8 16. Nd2 Ba4 17. Ke3 Rfd8 18. e5 Bc6 19. f3 Kf8 20. Rc3 Bd5
21. Rhc1 Nc6 22. Ne4 Ne7 23. Nd6 Rxc3 24. Rxc3 Bc6 25. Be4 Rd7 26. g4 h6 27. h4
g5 28. hxg5 hxg5 29. Rc1 Kg7 30. Ne8+ Kf8 31. Nf6 Rd8 32. Rh1 Bxe4 33. Rh8+ 1-0

[Event "30.Schlosspark-Open"]
[Site "Wiesbaden-Biebrich"]
[Date "2018.08.24"]
[Round "3.9"]
[White "Euler, Gerd"]
[Black "Koellner, Aaron Noah"]
[Result "1-0"]
[WhiteElo "2301"]
[BlackElo "2001"]
[PlyCount "119"]
[EventDate "2018.??.??"]
[WhiteTeam "SSG Hungen-Lich"]
[BlackTeam "SV Bergneustadt/Derschlag"]

1. e4 c5 2. Nf3 e6 3. d4 cxd4 4. Nxd4 Nc6 5. Nb5 d6 6. c4 Nf6 7. N1c3 a6 8. Na3
Be7 9. Be2 b6 10. O-O Bb7 11. Be3 O-O 12. Qb3 Nd7 13. Rae1 Nc5 14. Qd1 Rb8 15.
Qd2 e5 16. Nc2 Kh8 17. b4 Ne6 18. Nd5 Ba8 19. b5 axb5 20. cxb5 Na7 21. Ncb4 Nc5
22. f3 Rg8 23. Rd1 Bf8 24. Qc2 g6 25. Qb2 Bg7 26. Qa3 Bxd5 27. Rxd5 Qe7 28.
Rfd1 Rbd8 29. R5d2 f5 30. Nd5 Qb7 31. Bg5 Ra8 32. Qe3 Nc8 33. Bc4 f4 34. Qe2
Rf8 35. Bh4 h6 36. Bf2 Nd7 37. Nb4 Nf6 38. Be6 Rd8 39. a4 Rb8 40. Qc4 Bf8 41.
g3 fxg3 42. hxg3 Nh5 43. Nd5 Qg7 44. Rc2 Nf6 45. Qc7 Qxc7 46. Rxc7 Nxd5 47.
exd5 Ne7 48. f4 Nf5 49. g4 Nd4 50. Rxd4 Bg7 51. fxe5 Bxe5 52. Rdc4 Ra8 53. Bxb6
h5 54. Rf7 Rf8 55. Rxf8+ Rxf8 56. Rc8 Rxc8 57. Bxc8 hxg4 58. Kg2 g3 59. a5 g5
60. a6 1-0

[Event "30.Schlosspark-Open"]
[Site "Wiesbaden-Biebrich"]
[Date "2018.08.24"]
[Round "3.10"]
[White "Gitsis, Christos"]
[Black "Zachary, Matheo"]
[Result "0-1"]
[WhiteElo "2013"]
[BlackElo "2264"]
[PlyCount "62"]
[EventDate "2018.??.??"]
[WhiteTeam "SF Mainz"]
[BlackTeam "OSG Baden-Baden"]

1. d4 d5 2. Nf3 Nf6 3. c4 c6 4. Qc2 dxc4 5. Qxc4 Bg4 6. Nc3 Nbd7 7. Bf4 e6 8.
Ne5 Bf5 9. Rd1 Be7 10. f3 Nd5 11. Nxd7 Qxd7 12. Bc1 b5 13. Qb3 a5 14. e4 a4 15.
Qc2 Bg6 16. Qf2 Nc7 17. Bd3 a3 18. bxa3 Bxa3 19. Bxa3 Rxa3 20. Qb2 Qd6 21. Bb1
O-O 22. O-O Rfa8 23. Rd2 f6 24. e5 Qd7 25. Bxg6 hxg6 26. exf6 gxf6 27. Ne4 Kf7
28. Nc5 Qd5 29. Rff2 Ne8 30. Rfe2 Rxa2 31. Qc1 Ra1 0-1

[Event "30.Schlosspark-Open"]
[Site "Wiesbaden-Biebrich"]
[Date "2018.08.24"]
[Round "3.11"]
[White "Koellner, Ruben Gideon"]
[Black "Steimbach, Isabel"]
[Result "1/2-1/2"]
[WhiteElo "2253"]
[BlackElo "1957"]
[PlyCount "75"]
[EventDate "2018.??.??"]
[WhiteTeam "SG Bochum"]
[BlackTeam "OSG Baden-Baden"]

1. d4 d5 2. Bf4 c5 3. e3 Nc6 4. c3 Nf6 5. Nd2 Bf5 6. Qb3 Qb6 7. dxc5 Qxb3 8.
axb3 e5 9. Bg3 Bxc5 10. b4 Bd6 11. Ngf3 Nd7 12. Nb3 Ke7 13. Be2 f6 14. O-O a6
15. Nfd2 b5 16. Ra2 Nb6 17. Rfa1 Na4 18. Bd1 Be6 19. h3 Ra7 20. Nc5 Nxc5 21.
bxc5 Bxc5 22. Rxa6 Rha8 23. Rxa7+ Rxa7 24. Rxa7+ Nxa7 25. Bc2 h6 26. Kf1 Nc8
27. Ke2 Nd6 28. f3 Nc4 29. Nxc4 dxc4 30. Be1 Bd5 31. Bg6 Bb7 32. Bc2 Bd5 33. e4
Bf7 34. Bf2 Kd6 35. Bxc5+ Kxc5 36. Kd2 Be6 37. Ke3 g5 38. g4 1/2-1/2

[Event "30.Schlosspark-Open"]
[Site "Wiesbaden-Biebrich"]
[Date "2018.08.24"]
[Round "3.12"]
[White "Bremer, Vincent"]
[Black "Haag, Martin"]
[Result "1/2-1/2"]
[WhiteElo "1968"]
[BlackElo "2229"]
[PlyCount "115"]
[EventDate "2018.??.??"]
[WhiteTeam "SC Lerchenberg/ZMO"]
[BlackTeam "SC Bonn Beuel"]

1. c4 c5 2. Nf3 e6 3. d4 cxd4 4. Nxd4 Nf6 5. Nc3 d5 6. Bg5 e5 7. Bxf6 gxf6 8.
Nc2 d4 9. Nd5 Be6 10. e3 Bxd5 11. cxd5 Qxd5 12. exd4 Nc6 13. Qd3 O-O-O 14. Qf5+
Kb8 15. Be2 Nxd4 16. Nxd4 Bb4+ 17. Kf1 Qxd4 18. Rb1 e4 19. g3 Rd5 20. Qf4+ Qe5
21. Qxe5+ fxe5 22. g4 Rc8 23. h4 Rc2 24. Bd1 Rcd2 25. Be2 Bc5 26. Rh3 Rc2 27.
Rc3 Rxc3 28. bxc3 Rd2 29. Rd1 e3 30. Rxd2 exd2 31. Bd1 Be7 32. h5 Bg5 33. Ke2
Kc7 34. Kd3 Kd6 35. Ke4 f6 36. Kd3 Kc5 37. Bb3 b5 38. Bd1 a5 39. a3 a4 40. Be2
Bh6 41. Kc2 Bf8 42. Kxd2 Kb6 43. c4 b4 44. axb4 Bxb4+ 45. Kc2 Bc5 46. Kc3 Ka5
47. f3 Bd4+ 48. Kc2 Kb4 49. Bd3 h6 50. Kb1 Kc3 51. Be4 Kxc4 52. Ka2 Bc5 53. Bc6
a3 54. Be4 Kd4 55. Bc6 Ke3 56. Kb3 Kf4 57. Ka2 Kg5 58. Be4 1/2-1/2

[Event "30.Schlosspark-Open"]
[Site "Wiesbaden-Biebrich"]
[Date "2018.08.24"]
[Round "3.13"]
[White "Gentner, Markus"]
[Black "Kiefer, Daniel"]
[Result "1-0"]
[WhiteElo "1953"]
[BlackElo "2197"]
[PlyCount "57"]
[EventDate "2018.??.??"]
[WhiteTeam "SC Murrhardt"]
[BlackTeam "SF Mainz"]

1. Nf3 c5 2. c4 Nf6 3. d4 cxd4 4. Nxd4 Nc6 5. Nc3 e6 6. g3 Qb6 7. Ndb5 Bc5 8.
e3 d5 9. Bd2 Qd8 10. Bg2 dxc4 11. Qa4 O-O 12. Bxc6 bxc6 13. Qxc4 Qb6 14. Nc7
Qxc7 15. Qxc5 Ba6 16. e4 Nd7 17. Qa3 Qb7 18. Bf4 e5 19. Be3 Nb6 20. b3 Rfd8 21.
Rd1 Nd7 22. Qe7 c5 23. f3 Qb4 24. Rc1 Rac8 25. Kf2 Nf8 26. Nd5 Ne6 27. Rhd1 Qa5
28. a4 Nd4 29. Bd2 1-0

[Event "30.Schlosspark-Open"]
[Site "Wiesbaden-Biebrich"]
[Date "2018.08.24"]
[Round "3.14"]
[White "Dietze, Frank"]
[Black "Geltz, Noah"]
[Result "1/2-1/2"]
[WhiteElo "2203"]
[BlackElo "1931"]
[PlyCount "89"]
[EventDate "2018.??.??"]
[WhiteTeam "vereinslos"]
[BlackTeam "SF HN-Biberach"]

1. d4 Nf6 2. c4 e6 3. Nf3 Bb4+ 4. Nbd2 d5 5. Qa4+ Nc6 6. a3 Be7 7. e3 Bd7 8.
Qc2 dxc4 9. Nxc4 O-O 10. Bd3 h6 11. O-O Ne8 12. b4 Nd6 13. Bb2 Nxc4 14. Bxc4
Bf6 15. Rfd1 a6 16. Rac1 Qe7 17. Ba2 g6 18. e4 Rac8 19. g3 Rfe8 20. h4 h5 21.
e5 Bg7 22. Rd3 Bh6 23. Re1 Na7 24. Bc1 Bxc1 25. Qxc1 Bb5 26. Rc3 Bc6 27. Ng5
Nb5 28. Rd3 Rcd8 29. Qf4 Rd7 30. d5 Bxd5 31. Bxd5 Rxd5 32. Rde3 Rd4 33. Ne4 Kg7
34. Qf3 Red8 35. Nf6 c6 36. Re4 Rxe4 37. Rxe4 Rd4 38. Rxd4 Nxd4 39. Qe3 Qd8 40.
Kg2 Nf5 41. Qa7 Qd4 42. Qb8 Ne7 43. Qd6 Nd5 44. Ne8+ Kg8 45. Nf6+ 1/2-1/2

[Event "30.Schlosspark-Open"]
[Site "Wiesbaden-Biebrich"]
[Date "2018.08.24"]
[Round "3.15"]
[White "Lagaras, Stylianos"]
[Black "Dzierzenga, Stefan"]
[Result "1/2-1/2"]
[WhiteElo "1934"]
[BlackElo "2196"]
[PlyCount "73"]
[EventDate "2018.??.??"]
[WhiteTeam "vereinslos"]
[BlackTeam "SC Bonn Beuel"]

1. d4 Nf6 2. c4 c5 3. d5 b5 4. cxb5 a6 5. bxa6 g6 6. Nc3 Bg7 7. e4 O-O 8. Nf3
Qa5 9. Bd2 Bxa6 10. Be2 Bxe2 11. Qxe2 Qa6 12. Qxa6 Nxa6 13. O-O Rfb8 14. Rab1
d6 15. b3 Nc7 16. Rfe1 Rb7 17. h3 Nd7 18. Na4 Nb6 19. Nxb6 Rxb6 20. a4 Rb7 21.
Rec1 f5 22. exf5 Nxd5 23. fxg6 hxg6 24. Rc4 Bf6 25. Rg4 Kf7 26. Ng5+ Kg7 27.
Ne6+ Kf7 28. Nf4 Nxf4 29. Rxf4 d5 30. a5 c4 31. Bc3 cxb3 32. Bxf6 exf6 33. Ra4
Rb5 34. a6 Rb6 35. Kf1 Raxa6 36. Rxa6 Rxa6 37. Rxb3 1/2-1/2

[Event "30.Schlosspark-Open"]
[Site "Wiesbaden-Biebrich"]
[Date "2018.08.24"]
[Round "3.16"]
[White "Jahnel, Guenther"]
[Black "Li, Maxim"]
[Result "1-0"]
[WhiteElo "2195"]
[BlackElo "1851"]
[PlyCount "85"]
[EventDate "2018.??.??"]
[WhiteTeam "FVS ASP Hoyerswerda"]
[BlackTeam "Wiesbadener SV"]

1. d4 Nf6 2. c4 g6 3. Nf3 Bg7 4. Nc3 d6 5. Bg5 O-O 6. e3 c6 7. Be2 Qc7 8. O-O
e5 9. Bh4 Re8 10. h3 Nbd7 11. Bg3 b6 12. Rc1 a5 13. a3 h6 14. Re1 Nh7 15. b4
Bb7 16. Qb3 Qd8 17. Rcd1 e4 18. Nd2 Ndf6 19. bxa5 Rxa5 20. Rb1 Ba8 21. a4 c5
22. d5 Ra6 23. Bd1 Bf8 24. Bh2 Qd7 25. Qb5 Bb7 26. Qxd7 Nxd7 27. Ncxe4 Ne5 28.
Bc2 f5 29. Nc3 Re7 30. Rb3 Nf6 31. Reb1 Nfd7 32. f4 Nf7 33. e4 Bg7 34. exf5
gxf5 35. Bxf5 Bxc3 36. Rxc3 Rxa4 37. Be6 Nf8 38. f5 Kh8 39. Ne4 Nxe6 40. fxe6
Bxd5 41. cxd5 Rxe4 42. exf7 Rxf7 43. Bxd6 1-0

[Event "30.Schlosspark-Open"]
[Site "Wiesbaden-Biebrich"]
[Date "2018.08.24"]
[Round "3.17"]
[White "Artola Pola, Gerardo"]
[Black "Neukirchner, Pascal"]
[Result "1-0"]
[WhiteElo "1927"]
[BlackElo "2303"]
[PlyCount "119"]
[EventDate "2018.??.??"]
[WhiteTeam "Frankfurter TV"]
[BlackTeam "SK Gruendau"]

1. e4 c5 2. g3 Nc6 3. Bg2 g6 4. Ne2 Bg7 5. c3 e5 6. d3 Nge7 7. Be3 d6 8. O-O
O-O 9. f4 f5 10. Nd2 Be6 11. Nf3 h6 12. fxe5 fxe4 13. dxe4 dxe5 14. Bxc5 Qc7
15. Qd6 Qc8 16. Qd2 Rd8 17. Qc2 b6 18. Ba3 Qa6 19. Nc1 Bc4 20. Rd1 Rxd1+ 21.
Qxd1 Rd8 22. Qe1 Qa4 23. Nd2 Qc2 24. Ncb3 Bxb3 25. Nxb3 h5 26. Rc1 Qd3 27. Bf1
Qf3 28. Qe2 Qf6 29. Bh3 Rf8 30. Rf1 Qg5 31. Be6+ Kh8 32. Rxf8+ Bxf8 33. Qf2 Bg7
34. h4 Qh6 35. Qd2 Qh7 36. Bxe7 Nxe7 37. Qd8+ Ng8 38. Qxg8+ Qxg8 39. Bxg8 Kxg8
40. Nd2 Kf7 41. Nf3 Ke6 42. Kf2 a5 43. Ke2 Bf8 44. Ne1 Bd6 45. a4 Kd7 46. Nc2
Kc6 47. Ne3 Kc5 48. Kd3 Be7 49. Nd5 Bd8 50. b4+ axb4 51. cxb4+ Kc6 52. Kc4 g5
53. hxg5 Bxg5 54. b5+ Kb7 55. Nc3 Bc1 56. Ne2 Bb2 57. Kb3 Ba1 58. Ka2 Bd4 59.
Nxd4 exd4 60. Kb3 1-0

[Event "30.Schlosspark-Open"]
[Site "Wiesbaden-Biebrich"]
[Date "2018.08.24"]
[Round "3.18"]
[White "Menning, Uwe"]
[Black "Tischendorf, Michael"]
[Result "1/2-1/2"]
[WhiteElo "2047"]
[BlackElo "2177"]
[PlyCount "37"]
[EventDate "2018.??.??"]
[WhiteTeam "FC Bierstadt"]
[BlackTeam "SV Hofheim"]

1. d4 Nf6 2. Nf3 d6 3. Bg5 Nbd7 4. e3 c6 5. c3 e5 6. Nbd2 Be7 7. dxe5 Nxe5 8.
Nxe5 dxe5 9. Nc4 Qc7 10. Bxf6 Bxf6 11. Qd6 Qxd6 12. Nxd6+ Ke7 13. O-O-O Rd8 14.
Nxc8+ Raxc8 15. Rxd8 Rxd8 16. Be2 g6 17. Rd1 Ke8 18. Rxd8+ Bxd8 19. Bc4 1/2-1/2

[Event "30.Schlosspark-Open"]
[Site "Wiesbaden-Biebrich"]
[Date "2018.08.24"]
[Round "3.19"]
[White "Chandler, Patrick"]
[Black "Kuehn, Matthias"]
[Result "1-0"]
[WhiteElo "2147"]
[BlackElo "1972"]
[PlyCount "92"]
[EventDate "2018.??.??"]
[WhiteTeam "SC Nied"]
[BlackTeam "SV Huerth-Berrenrath"]

1. Nf3 g6 2. d4 Bg7 3. c3 d6 4. Bf4 Nf6 5. h3 Nc6 6. e3 Nd5 7. Bh2 e5 8. dxe5
dxe5 9. Nbd2 O-O 10. Bb5 Nde7 11. Qc2 a6 12. Be2 f6 13. Bc4+ Kh8 14. a4 Nf5 15.
e4 Nd6 16. Ba2 Qe7 17. O-O Be6 18. Rfe1 Bxa2 19. Rxa2 h5 20. Nf1 Nd8 21. Ne3 c6
22. Nd2 Ne6 23. a5 Bh6 24. Ndc4 Rad8 25. b3 Nf4 26. Nxd6 Rxd6 27. Bxf4 Bxf4 28.
Nc4 Rd7 29. g3 Bh6 30. Qe2 Rfd8 31. h4 Qc5 32. Kg2 Rd3 33. Qc2 Qe7 34. Rf1 Qe6
35. Raa1 f5 36. Rae1 f4 37. Rd1 Rxd1 38. Rxd1 Rf8 39. Qd3 fxg3 40. fxg3 g5 41.
hxg5 Bxg5 42. Qe2 Qe8 43. Rf1 Rg8 44. Rf5 h4 45. Nd6 Qg6 46. Rxg5 Qxd6 1-0

[Event "30.Schlosspark-Open"]
[Site "Wiesbaden-Biebrich"]
[Date "2018.08.24"]
[Round "3.20"]
[White "Ernst, Michael"]
[Black "Pauls, Wilhelm"]
[Result "0-1"]
[WhiteElo "2145"]
[BlackElo "1981"]
[PlyCount "95"]
[EventDate "2018.??.??"]
[WhiteTeam "Poechlarn"]
[BlackTeam "SG Kaarst"]

1. d4 Nf6 2. Bf4 g6 3. Nf3 Bg7 4. h3 c5 5. e3 O-O 6. c3 Qb6 7. Qb3 Nc6 8. Nbd2
d6 9. Bd3 cxd4 10. exd4 Qxb3 11. axb3 e5 12. dxe5 dxe5 13. Be3 Re8 14. Bb5 a6
15. Bxc6 bxc6 16. O-O Rb8 17. b4 Nd5 18. Bc5 Bf5 19. Rfe1 Bd3 20. Bd6 Rbd8 21.
Bxe5 Bh6 22. Nb3 f6 23. Bd4 Kf7 24. Rxe8 Rxe8 25. Re1 Be2 26. Na5 Nf4 27. Nxc6
Nxh3+ 28. gxh3 Bxf3 29. Rxe8 Kxe8 30. Na5 f5 31. Nb3 Bf8 32. Kf1 Kd7 33. Nc5+
Bxc5 34. Bxc5 Kc6 35. Ke1 Kd5 36. b3 Ke4 37. Kd2 Bg2 38. h4 Bf1 39. c4 f4 40.
Kc3 h5 41. Bd6 Be2 42. b5 axb5 43. cxb5 Bxb5 44. Kb4 Be8 45. Kc5 g5 46. Be7 g4
47. b4 g3 48. fxg3 0-1

[Event "30.Schlosspark-Open"]
[Site "Wiesbaden-Biebrich"]
[Date "2018.08.24"]
[Round "3.21"]
[White "Zimmer, Gerald"]
[Black "Gundlach, Michael"]
[Result "0-1"]
[WhiteElo "2001"]
[BlackElo "2132"]
[PlyCount "72"]
[EventDate "2018.??.??"]
[WhiteTeam "SC Bergen-Enkheim"]
[BlackTeam "SF Mainz"]

1. d4 d6 2. Bf4 g6 3. Nf3 Bg7 4. c3 Nd7 5. e3 e5 6. Bg3 Nh6 7. h3 O-O 8. Be2
Nf5 9. Bh2 e4 10. Nfd2 Re8 11. g3 Nf6 12. Qb3 d5 13. Na3 Nd6 14. g4 c6 15. c4
Nxc4 16. Naxc4 dxc4 17. Bxc4 Qe7 18. a4 Nd5 19. Bxd5 cxd5 20. Qxd5 Be6 21. Qd6
Qh4 22. Bg3 Qh6 23. Nxe4 Rad8 24. Qb4 Bd5 25. Bf4 g5 26. Bxg5 Qc6 27. Bxd8 Bxe4
28. Rg1 Rxd8 29. Qc3 Qe6 30. Rc1 Bc6 31. Qc4 Qe4 32. Rd1 Bd5 33. Qc7 Re8 34. g5
Bf8 35. Kf1 Qe6 36. Qg3 Qa6+ 0-1

[Event "30.Schlosspark-Open"]
[Site "Wiesbaden-Biebrich"]
[Date "2018.08.24"]
[Round "3.22"]
[White "Scheitz, Michael"]
[Black "Schmitt, Clemens"]
[Result "1-0"]
[WhiteElo "2092"]
[BlackElo "1711"]
[PlyCount "69"]
[EventDate "2018.??.??"]
[WhiteTeam "Wiesbadener SV"]
[BlackTeam "SV Bergwinkel"]

1. c4 c5 2. Nf3 Nc6 3. d4 cxd4 4. Nxd4 Qb6 5. Nc2 e6 6. Nc3 Nf6 7. e3 Be7 8.
Be2 O-O 9. O-O Rd8 10. e4 a6 11. Rb1 Qc7 12. Be3 b6 13. Qd2 Rb8 14. Rfc1 Bb7
15. Bf4 Ne5 16. f3 d6 17. b3 Ba8 18. Nd4 Nc6 19. Nd5 Qb7 20. Nxe7+ Nxe7 21. Be3
d5 22. cxd5 exd5 23. e5 Nd7 24. e6 fxe6 25. Nxe6 Rdc8 26. Nd4 Nf6 27. Qb4 Qd7
28. Bxa6 Rxc1+ 29. Rxc1 Ng6 30. Bd3 Nh4 31. Bf2 Ng6 32. Bg3 Re8 33. Bb5 Qe7 34.
Qxe7 Rxe7 35. Rc8+ 1-0

[Event "30.Schlosspark-Open"]
[Site "Wiesbaden-Biebrich"]
[Date "2018.08.24"]
[Round "3.23"]
[White "Kropp, Volker"]
[Black "Hoppe, Thilo"]
[Result "1/2-1/2"]
[WhiteElo "1998"]
[BlackElo "2083"]
[PlyCount "87"]
[EventDate "2018.??.??"]
[WhiteTeam "SV Mainz-Mombach"]
[BlackTeam "SC Bonn Beuel"]

1. d4 Nf6 2. Nf3 g6 3. g3 Bg7 4. Bg2 O-O 5. O-O d6 6. c4 Nc6 7. Nc3 a6 8. h3
Rb8 9. Be3 b5 10. cxb5 axb5 11. Qc1 b4 12. Nd1 Na5 13. Bh6 Bb7 14. Bxg7 Kxg7
15. b3 Qd7 16. Nh4 Rfc8 17. Ne3 Bxg2 18. Kxg2 Qc6+ 19. f3 Qb5 20. Qb2 c5 21.
Kf2 cxd4 22. Qxd4 Nc6 23. Qb2 Qb6 24. Rfd1 Kg8 25. Nhg2 d5 26. Ke1 d4 27. Nc4
Qc7 28. Kf2 Nh5 29. f4 Nf6 30. e3 Ne4+ 31. Kf3 Nc3 32. exd4 Nxd1 33. Rxd1 Na5
34. Nge3 Nxc4 35. bxc4 Qd7 36. g4 Qb7+ 37. Kg3 Qe4 38. Qe2 Ra8 39. Qf3 Qxf3+
40. Kxf3 Rxa2 41. c5 b3 42. Rb1 b2 43. Nc4 Rd8 44. Ke4 1/2-1/2

[Event "30.Schlosspark-Open"]
[Site "Wiesbaden-Biebrich"]
[Date "2018.08.24"]
[Round "3.24"]
[White "Tremoehlen, Thomas"]
[Black "Gries, Volker"]
[Result "1/2-1/2"]
[WhiteElo "1981"]
[BlackElo "2071"]
[PlyCount "28"]
[EventDate "2018.??.??"]
[WhiteTeam "SG Kaarst"]
[BlackTeam "SV Oberursel"]

1. d4 Nf6 2. Bf4 c5 3. e3 g6 4. Be2 Bg7 5. h4 h5 6. c3 cxd4 7. exd4 d6 8. Nd2
Nbd7 9. Ngf3 O-O 10. Qb3 Nb6 11. Ng5 Bd7 12. Bb5 Bxb5 13. Qxb5 Qd7 14. Qxd7
Nfxd7 1/2-1/2

[Event "30.Schlosspark-Open"]
[Site "Wiesbaden-Biebrich"]
[Date "2018.08.24"]
[Round "3.25"]
[White "Davidov, Georgi"]
[Black "Marzahn, Heiko"]
[Result "1-0"]
[WhiteElo "1945"]
[BlackElo "2068"]
[PlyCount "129"]
[EventDate "2018.??.??"]
[WhiteTeam "SC Rotenburg"]
[BlackTeam "Sfr. Erbach"]

1. e4 e5 2. Nf3 Nc6 3. Bb5 f5 4. d3 fxe4 5. dxe4 Nf6 6. O-O Bc5 7. Bxc6 bxc6 8.
Nxe5 O-O 9. Bg5 d6 10. Nd3 Bd4 11. c3 Bb6 12. Kh1 Qe8 13. f3 Qh5 14. Bf4 Ba6
15. Qb3+ Kh8 16. c4 Qf7 17. Nd2 Nh5 18. Bg5 h6 19. Bh4 d5 20. Qa4 dxc4 21. Qxa6
cxd3 22. Qxd3 Qf4 23. g3 Qf7 24. Qc3 Qd7 25. g4 Nf4 26. Bf2 Ne2 27. Qc2 Nd4 28.
Bxd4 Bxd4 29. Rad1 Qe6 30. Qc4 Qf6 31. b3 Be5 32. Qe2 Rad8 33. Nc4 Bf4 34. e5
Qh4 35. Rxd8 Rxd8 36. Qf2 Qh3 37. Qg2 Qh4 38. Qf2 Qh3 39. e6 Bxh2 40. Qg2 Qxg2+
41. Kxg2 Bf4 42. Re1 g5 43. e7 Re8 44. Ne5 Kg7 45. Nxc6 a6 46. Re6 Bd6 47. Kf2
Ba3 48. Ke3 Bb2 49. Ke4 Bc3 50. Kf5 Bb2 51. Ke4 Bf6 52. Kd5 Kf7 53. Ne5+ Bxe5
54. Rxe5 Rxe7 55. Rxe7+ Kxe7 56. Kc6 Ke6 57. Kxc7 Ke5 58. Kb6 Kf4 59. Kxa6 Kxf3
60. b4 Kxg4 61. b5 Kh3 62. b6 g4 63. b7 g3 64. b8=Q g2 65. Qh8 1-0